Pocket companion to pathologic basis of disease

Đã lưu trong:
Bibliografiske detaljer
Hovedforfatter: Stanley L Robbins
Format: Bog
Sprog:Undetermined
Udgivet: Philadelphia W. B. Saunders 1995
Fag:
Tags: Tilføj Tag
Ingen Tags, Vær først til at tagge denne postø!
Thư viện lưu trữ: Trung tâm Học liệu Trường Đại học Cần Thơ
LEADER 00543nam a2200193Ia 4500
001 CTU_15039
008 210402s9999 xx 000 0 und d
020 |b 55df 
082 |a 616.07 
082 |b R636 
100 |a Stanley L Robbins 
245 0 |a Pocket companion to pathologic basis of disease 
245 0 |c Stanley L Robbins 
260 |a Philadelphia 
260 |b W. B. Saunders 
260 |c 1995 
650 |a pathology - handbooks, manuals, etc 
904 |i Minh, 970107 
980 |a Trung tâm Học liệu Trường Đại học Cần Thơ